000 02072nam0a2200409 4500
001 RU\NLR\bibl\380380
005 20250622153335.0
010 _a5-7432-0369-5
_9300
021 _aRU
_b2003-3979
_9182
035 _a(NLR Aleph) 000374791
090 _a418210
_c418210
100 _a20030304d2002 |||y0rusy50 ca
101 0 _arus
102 _aRU
105 _aa |||||||||
200 1 _aРазвивающие методические приемы и дидактические материалы по курсу природоведения
_e5 кл.
_eМетод. пособие
_fП. И. Волкова, В. А. Родионова, С. В. Елисеева, Е. А. Голубева
_g[Общ. ред.: Волкова П.И.]
_gГл. упр. образования Администрации Ульян. обл., Ульян. ин-т повышения квалификации и переподгот. работников образования
210 _aУльяновск
_cУИПКПРО
_d2002
215 _a79 с.
_cил.
_d20
320 _aБиблиогр.: с. 77-78
606 0 _aЕстествознание
_xМетодика преподавания
_xСредняя школа
_91227370
_3RU\NLR\auth\66500142
606 0 _aЕстествознание
_xПреподавание
_xСредняя школа
_91239141
_3RU\NLR\auth\66506078
610 0 _aПриродоведение - Метод. пособия
675 _a373.5.016:502
_v3
_zrus
686 _a14.23
_2rugasnti
686 _a74.262.0
_2rubbk
686 _aЧ426.44-215
701 1 _aВолкова
_bП. И.
_gПолина Ивановна
_4070
701 1 _aРодионова
_bВ. А.
_gВера Александровна
_4070
701 1 _aЕлисеева
_bС. В.
_gСветлана Викторовна
_4070
701 1 _aГолубева
_bЕ. А.
_gЕлена Александровна
_4070
801 0 _aRU
_bRKP
_c20030304
_gPSBO
801 1 _aRU
_bRKP
_c20030304
801 2 _aRU
_bNLR
_c20030505
_grcr
942 _cBOOK
980 _aNB
980 _aNBR